|
|
|
|
| LEADER |
00621nam a2200193 4500 |
| 020 |
|
|
|a 8126123591
|c 395
|
| 082 |
|
|
|a 382 BHA
|
| 100 |
|
|
|a Bhalla: V K
|
| 245 |
|
|
|a International Business: Environment and management
|c Bhalla: V K
|
| 250 |
|
|
|a 9 edition
|
| 260 |
|
|
|a Anmol Publications, New Delhi
|c 2005
|
| 300 |
|
|
|a 943 p
|
| 490 |
|
|
|
| 500 |
|
|
|
| 590 |
|
|
|
| 650 |
|
|
|a International business/International Commerce/International marketing/International trade
|
| 942 |
|
|
|c BK
|
| 999 |
|
|
|c 139597
|d 139597
|
| 952 |
|
|
|0 0
|1 0
|4 0
|6 382_000000000000000_BHA
|7 0
|9 153057
|a IMK
|b IMK
|g 395.00
|l 0
|o 382 BHA
|p IMK06603
|r 2019-10-25
|w 2019-10-25
|y BK
|